Statistiken für Torschützenliste der Fußball-Weltmeisterschaft

Klicken Sie hier um das Quiz zu spielen!

Allgemein

  • Dieses Quiz wurde 130 mal gespielt
  • Das Durchschnittsergebnis liegt bei 9 aus 15

Antwortstatistiken

ToreFußballnationalteamTurniere (Tore)Spieler% Korrekt
14Deutschland1970 (10), 1974 (4) Gerd Müller
99%
15Brasilien1998 (4), 2002 (8), 2006 (3) Ronaldo
99%
10Deutschland2010 (5), 2014 (5)Thomas Müller
99%
16Deutschland2002 (5), 2006 (5), 2010 (4), 2014 (2) Miroslav Klose
97%
13Argentinien2006 (1), 2014 (4), 2018 (1), 2022 (7)Lionel Messi
95%
12Frankreich2018 (4), 2022 (8)Kylian Mbappé
90%
12Brasilien1958 (6), 1962 (1), 1966 (1), 1970 (4) Pelé
79%
11Deutschland1990 (3), 1994 (5), 1998 (3)Jürgen Klinsmann
60%
10Deutschland1954 (4), 1958 (6) Helmut Rahn
52%
13Frankreich1958 (13) Just Fontaine
42%
10England1986 (6), 1990 (4)Gary Lineker
36%
10Argentinien1994 (4), 1998 (5), 2002 (1)Gabriel Batistuta
28%
10Polen1974 (7), 1978 (2), 1982 (1)Grzegorz Lato
14%
11Ungarn1954 (11) Sándor Kocsis
11%
10Peru1970 (5), 1978 (5)Teófilo Cubillas
8%

Verteilung der Resultate

Perzentil nach korrekt beantworteten Fragen

Anzahl Personen mit jedem Resultat

Ihre Resultats-Entwicklung

Sie haben dieses Quiz noch nicht gespielt